| 000 | 01115nam0a22002531 4500 | ||
|---|---|---|---|
| 001 | v19\rc\1524510 | ||
| 005 | 20260407113529.0 | ||
| 035 | _a(NLR Aleph) 004646099 | ||
| 090 |
_a3359178 _c3359178 |
||
| 100 | _a20060620d1886 |||y0rusy50 ca | ||
| 101 | 0 | _arus | |
| 102 | _aRU | ||
| 105 | _ay z ||||| | ||
| 200 | 1 |
_aТруды Комиссии, избранной чрезвычайным общим собранием членов Общества 4-9 мая 1886 года, по разработке постановленных сим собранием ходатайств Общества перед правительством _fО-во взаим. позем. кредита |
|
| 210 |
_aСанкт-Петербург _dценз. 1886 |
||
| 215 |
_a35 с. _d34 |
||
| 309 | _aБез тит. л. и обл. | ||
| 710 | 0 | 2 |
_aОбщество взаимного поземельного кредита _cПетербург _3RU\NLR\AUTH\889944099 _9383379 |
| 801 | 0 |
_aRU _bNLR _gpsbo |
|
| 801 | 0 |
_aRU _bRuMoRGB _2psbo |
|
| 801 | 1 |
_aRU _bProSoft-M _2rusmarc |
|
| 852 |
_aNLR _j18.218.1.457 |
||
| 942 | _cBOOK | ||
| 980 | _aNB | ||